| 000 | 00622cab a2200217 4500 | ||
|---|---|---|---|
| 001 | WB3106-46 | ||
| 008 | 090401t1995 xxu||||| |||| 00| 0 eng d | ||
| 035 | _a(Sirsi) u72642 | ||
| 041 | _aeng | ||
| 245 | _aRICS urban regeneration forum appoints new chairman | ||
| 260 | _c1995 | ||
| 350 | _a0 | ||
| 490 |
_aRICS Press Release _v(PR8/95) 26 January 1995, (2) |
||
| 520 | _aThe RICS announces Philip Wilbourn to be chairman of the Urban Regeneration Forum. | ||
| 650 | _aRICS | ||
| 650 | _aURBAN REGENERATION FORUM | ||
| 650 | _aWILBOURN PHILIP | ||
| 690 | _aURBAN RENEWAL | ||
| 942 | _n0 | ||
| 948 | _c04/03/1997 | ||
| 999 |
_c45918 _d45918 |
||